000 00314nam a22001337a 4500
008 170425b xxu||||| |||| 00| 0 eng d
020 _a0471219843
041 _aeng
080 _22ND
_a546
100 _a12
101 _aSHM
245 _aCONCEPTS AND MODELS OF INORGANIC CHEMISTRY
_cDOUGLAS, B
942 _2udc
_cBK
999 _c11953
_d11953